A kognitív tudomány filozófiai kérdései
Elmentve itt :
| Szerző: | |
|---|---|
| Adatforrás: | Philobibl |
| Forrásdokumentuma: | BUKSZ 12 2000. 4., 352-360. p. |
| Dokumentumtípus: | Cikk |
| Nyelv: | magyar |
| LEADER | 00326nab a2200109 c 4500 | ||
|---|---|---|---|
| 001 | bibDOK00019862 | ||
| 005 | 20200924121401.7 | ||
| 008 | 060518s2000 hu hun | ||
| 100 | 1 | |a Loewer, Barry | |
| 245 | 1 | 2 | |a A kognitív tudomány filozófiai kérdései |c Loewer, Barry |
| 500 | |a ford. Farkas Katalin | ||
| 773 | 0 | |t BUKSZ 12 |g 2000. 4., 352-360. p. | |